Tampa Bay Lightning Roster 2024-25 Accurate Spelling - Statistics

General Stats
  • This quiz has been taken 8 times
  • The average score is 22 of 44
Answer Stats
# First % Correct
11 Luke
100%
13 Atkinson
80%
13 Cam
80%
14 Conor
80%
14 Geekie
80%
11 Glendening
80%
21 Brayden
60%
23 Eyssimont
60%
23 Mikey
60%
20 Nick
60%
20 Paul
60%
21 Point
60%
27 Ryan
60%
88 Andrei
40%
71 Anthony
40%
38 Brandon
40%
81 Cernak
40%
41 Chaffee
40%
71 Cirelli
40%
73 Conor
40%
43 Darren
40%
78 Emil
40%
81 Erik
40%
28 Girgensons
40%
59 Guentzel
40%
38 Hagel
40%
77 Hedman
40%
59 Jake
40%
90 JJ
40%
31 Johansson
40%
31 Jonas
40%
86 Kucherov
40%
78 Lilleberg
40%
27 McDonagh
40%
41 Mitchell
40%
90 Moser
40%
48 Nick
40%
86 Nikita
40%
48 Perbix
40%
43 Raddysh
40%
73 Sheary
40%
88 Vasilevskiy
40%
77 Victor
40%
28 Zemgus
40%
No matching quizzes found
Score Distribution
Percent of People with Each Score
Percentile by Number Answered
Your Score History
You have not taken this quiz